<?xml version="1.0" encoding="UTF-8"?>
<record
    xmlns:xsi="http://www.w3.org/2001/XMLSchema-instance"
    xsi:schemaLocation="http://www.loc.gov/MARC21/slim http://www.loc.gov/standards/marcxml/schema/MARC21slim.xsd"
    xmlns="http://www.loc.gov/MARC21/slim">

  <leader>01808nam a22002777a 4500</leader>
  <controlfield tag="003">OSt</controlfield>
  <controlfield tag="005">20210225130430.0</controlfield>
  <controlfield tag="008">20208b           ||||| |||| 00| 0 spa d</controlfield>
  <datafield tag="020" ind1=" " ind2=" ">
    <subfield code="a">9789945094343</subfield>
  </datafield>
  <datafield tag="040" ind1=" " ind2=" ">
    <subfield code="a">DO-SdBNP</subfield>
    <subfield code="b">spa</subfield>
    <subfield code="c">BNPHU</subfield>
  </datafield>
  <datafield tag="082" ind1=" " ind2="4">
    <subfield code="a">343.0929</subfield>
    <subfield code="b">C227m</subfield>
  </datafield>
  <datafield tag="100" ind1="1" ind2="0">
    <subfield code="a">Can&#xF3; Senci&#xF3;n, &#xC1;ngel S.</subfield>
    <subfield code="9">77831</subfield>
  </datafield>
  <datafield tag="245" ind1="1" ind2="0">
    <subfield code="a">Manual de derecho de la energ&#xEC;a :</subfield>
    <subfield code="b">aspectos esenciales del sector el&#xE8;ctrico dominicano /</subfield>
    <subfield code="c">&#xC1;ngel S. Can&#xF3; Senci&#xF3;n ; pr&#xF3;logo de Roberto Herrera Pablo</subfield>
  </datafield>
  <datafield tag="260" ind1=" " ind2=" ">
    <subfield code="a">Santo Domingo :</subfield>
    <subfield code="b">Pontificia Universidad Cat&#xF3;lica Madre y Maestra,</subfield>
    <subfield code="c">2020</subfield>
  </datafield>
  <datafield tag="300" ind1=" " ind2=" ">
    <subfield code="a">368 p. :</subfield>
    <subfield code="b">il. ;</subfield>
    <subfield code="c">24 cm</subfield>
  </datafield>
  <datafield tag="500" ind1=" " ind2=" ">
    <subfield code="a">Incluye referencias bibliogr&#xE1;ficas y notas al pie de las p&#xE1;ginas </subfield>
  </datafield>
  <datafield tag="500" ind1=" " ind2=" ">
    <subfield code="a">Incluye datos biogr&#xE1;ficos del autor en las solapas </subfield>
  </datafield>
  <datafield tag="505" ind1=" " ind2=" ">
    <subfield code="t">Cap&#xED;tulo 1. De cara a un esquema de mercado --</subfield>
    <subfield code="t">Cap&#xED;tulo 2 - Marco regulatorio del sector el&#xE9;ctrico --</subfield>
    <subfield code="t">Cap&#xED;tulo 3 - Las &#xE1;reas de negocios en el sector el&#xE9;ctrico -- </subfield>
    <subfield code="t">Cap&#xED;tulo 4 - Las energ&#xED;as renovables --</subfield>
    <subfield code="t">Cap&#xED;tulo 5 - El mercado el&#xE9;ctrico -- </subfield>
    <subfield code="t">Cap&#xED;tulo 6 - El organismo coordinador -- </subfield>
    <subfield code="t">Cap&#xED;tulo 7 - Facultad sancionadora en el sector el&#xE9;ctrico --</subfield>
    <subfield code="t">Cap&#xED;tulo 8 - Revisi&#xF3;n jurisdiccional e las decisiones administrativas en el sector el&#xE9;ctrico --</subfield>
    <subfield code="t">Cap&#xED;tulo 9 - Nuevosretos regulatorios --</subfield>
    <subfield code="t">Cap&#xED;tulo 10 - El pacto nacional para la reforma del sector el&#xE9;ctrico : Oportunidad para relanzar el sector ?</subfield>
  </datafield>
  <datafield tag="590" ind1=" " ind2=" ">
    <subfield code="a">Inventariado, 2021 / DG</subfield>
  </datafield>
  <datafield tag="650" ind1=" " ind2="4">
    <subfield code="a">Recursos energ&#xE9;ticos</subfield>
    <subfield code="x">Legislaci&#xF3;n</subfield>
    <subfield code="z">Rep&#xFA;blica Dominicana</subfield>
    <subfield code="9">77832</subfield>
  </datafield>
  <datafield tag="650" ind1=" " ind2="4">
    <subfield code="a">Sector el&#xE9;ctrico</subfield>
    <subfield code="x">Legislaci&#xF3;n </subfield>
    <subfield code="z">Rep&#xFA;blica Dominicana</subfield>
    <subfield code="9">77833</subfield>
  </datafield>
  <datafield tag="650" ind1=" " ind2="4">
    <subfield code="a">Pol&#xED;tica energ&#xE9;tica</subfield>
    <subfield code="z">Rep&#xFA;blica Dominicana</subfield>
    <subfield code="9">77834</subfield>
  </datafield>
  <datafield tag="700" ind1="1" ind2=" ">
    <subfield code="a">Herrera Pablo, Roberto</subfield>
    <subfield code="e">pr&#xF3;l.</subfield>
    <subfield code="9">77835</subfield>
  </datafield>
  <datafield tag="910" ind1=" " ind2=" ">
    <subfield code="a">Inventariado, 2021 / DG /Validado. Control de calidad MFF</subfield>
  </datafield>
  <datafield tag="942" ind1=" " ind2=" ">
    <subfield code="2">ddc</subfield>
    <subfield code="c">LBS1</subfield>
  </datafield>
  <datafield tag="952" ind1=" " ind2=" ">
    <subfield code="0">0</subfield>
    <subfield code="1">0</subfield>
    <subfield code="2">ddc</subfield>
    <subfield code="7">0</subfield>
    <subfield code="8">MO</subfield>
    <subfield code="a">BNPHU</subfield>
    <subfield code="b">BNPHU</subfield>
    <subfield code="c">CT</subfield>
    <subfield code="d">2020-10-15</subfield>
    <subfield code="e">Deposito Legal</subfield>
    <subfield code="l">0</subfield>
    <subfield code="o">BNPHU PD 343.0929 R426m</subfield>
    <subfield code="p">2021-0275</subfield>
    <subfield code="r">2021-02-18</subfield>
    <subfield code="w">2021-02-18</subfield>
    <subfield code="y">LBS1</subfield>
  </datafield>
  <datafield tag="952" ind1=" " ind2=" ">
    <subfield code="0">0</subfield>
    <subfield code="1">0</subfield>
    <subfield code="2">ddc</subfield>
    <subfield code="7">2</subfield>
    <subfield code="8">MO</subfield>
    <subfield code="a">BNPHU</subfield>
    <subfield code="b">BNPHU</subfield>
    <subfield code="c">CT</subfield>
    <subfield code="d">2020-10-15</subfield>
    <subfield code="e">Deposito Legal</subfield>
    <subfield code="l">0</subfield>
    <subfield code="o">BNPHU PD 343.0929 R426m</subfield>
    <subfield code="p">2021-0276</subfield>
    <subfield code="r">2021-02-18</subfield>
    <subfield code="t">e. 2</subfield>
    <subfield code="w">2021-02-18</subfield>
    <subfield code="y">LBS1</subfield>
  </datafield>
  <datafield tag="952" ind1=" " ind2=" ">
    <subfield code="0">0</subfield>
    <subfield code="1">0</subfield>
    <subfield code="2">ddc</subfield>
    <subfield code="7">0</subfield>
    <subfield code="8">MO</subfield>
    <subfield code="a">BNPHU</subfield>
    <subfield code="b">BNPHU</subfield>
    <subfield code="c">CT</subfield>
    <subfield code="d">2020-10-15</subfield>
    <subfield code="e">Deposito Legal</subfield>
    <subfield code="l">0</subfield>
    <subfield code="o">BNPHU DS 343.0929 R426m</subfield>
    <subfield code="p">2021-0277</subfield>
    <subfield code="r">2021-02-18</subfield>
    <subfield code="t">e.3</subfield>
    <subfield code="w">2021-02-18</subfield>
    <subfield code="y">LBS1</subfield>
  </datafield>
  <datafield tag="999" ind1=" " ind2=" ">
    <subfield code="c">49403</subfield>
    <subfield code="d">49403</subfield>
  </datafield>
</record>
